K niektorým otázkam zvyšovania exportnej výkonnosti a štrukturálnych zmien československého spotrebného priemyslu v procese medzinárodnej deľby práce kandidátska dizertačná práca

Uložené v:
Podrobná bibliografia
Hlavný autor: Baláž, Peter
Korporativný autor: Vysoká škola ekonomická v Bratislave
Ďalší autori: Onduš, Michal
Médium: Kniha
Jazyk:Slovak
Vydavateľské údaje: Bratislava 1983
Predmet:
Tagy: Pridať tag
Žiadne tagy, Buďte prvý, kto otaguje tento záznam!

MARC

LEADER 00000nam a2200000 4500
001 c110786
005 20230116083734.6
041 0 |a slo 
044 |a SK 
245 1 0 |a K niektorým otázkam zvyšovania exportnej výkonnosti a štrukturálnych zmien československého spotrebného priemyslu v procese medzinárodnej deľby práce  |b kandidátska dizertačná práca  |c Peter Baláž ; Michal Onduš 
264 1 |a Bratislava  |c 1983 
300 |a 197 s. 
610 2 0 |a priemysel spotrebný 
610 2 0 |a výkonnosť 
610 2 0 |a vývoz 
610 2 0 |a deľba práce medzinárodná 
610 2 0 |a ČSSR 
610 2 0 |a zmeny štruktúrne 
100 1 |a Baláž, Peter 
700 1 |a Onduš, Michal 
710 2 |a Vysoká škola ekonomická v Bratislave